000 00813nam a2200253Ia 4500
003 OSt
005 20220927115054.0
006 a|||||r|||| 00| 0
007 ta
008 220926b |||||||| |||| 00| 0 eng d
024 _a101941
037 _cThesis and Dissertations
040 _aRTL
_cRTL
_beng
041 _2eng
_aeng
082 _a"Y5926:4:67.2.N8:g, M0/Th"
100 _aBurra Neera S
_9374061
245 0 _aAnalysis of the reports of the commissioner for sc
260 _aDelhi
_bUniversity of Delhi
_c1980
300 _a90p
_ccm.
490 _a"University of Delhi, Sociology (Deptt of-), Dissertation"
650 _aScheduled Castes Tribes
942 _h"Y5926:4:67.2.N8:g, M0/Th"
_cCC
999 _c705804
_d705804